[Event "Wch U20"]
[Site "Copenhagen"]
[Date "1982.??.??"]
[Round "6"]
[White "Wolff, Patrick G"]
[Black "Condie, Mark L"]
[Result "0-1"]
[WhiteElo "1815"]
[BlackElo "2320"]

1.e4 c6 2.Nc3 d5 3.d4 dxe4 4.Nxe4 Bf5 5.Bd3 e6 6.Nf3 Nd7 7.Qe2 Bxe4 8.Bxe4 Ngf6
9.Bd3 Bd6 10.O-O O-O 11.Ne5 Qc7 12.f4 g6 13.Bd2 c5 14.c3 Rfe8 15.Rae1 Rad8
16.Kh1 a6 17.Rf3 b5 18.Rh3 cxd4 19.cxd4 Bf8 20.Qf3 Qd6 21.Qg3 Bg7 22.a3 Nf8
23.Ba5 Rc8 24.Qf2 Qd5 25.Bc3 Re7 26.Qd2 Ra7 27.Rhe3 N8d7 28.Rc1 Nb6 29.Be2 Rac7
30.Bf3 Qd6 31.Ree1 Nfd5 32.Ba5 Rxc1 33.Rxc1 Nc4 34.Nxc4 bxc4 35.Bxd5 Qxd5
36.Bc3 h5 37.h3 Bh6 38.Rd1 Qe4 39.Qf2 Qxf4 40.Qxf4 Bxf4 41.d5 Rd8 42.d6 Rxd6
43.Rxd6 Bxd6 44.Kg1 Bc5+ 45.Kf1 Kh7 46.Ke2 g5 47.Kf3 f5 48.Be5 Kg6  0-1

[Event "Wch U20"]
[Site "Kiljava"]
[Date "1984.??.??"]
[Round "?"]
[White "Wells, Peter K"]
[Black "Wolff, Patrick G"]
[Result "1-0"]
[WhiteElo "2320"]
[BlackElo "2225"]

1.d4 Nf6 2.c4 g6 3.Nc3 d5 4.cxd5 Nxd5 5.Nf3 Bg7 6.e4 Nxc3 7.bxc3 c5 8.Rb1 O-O
9.Be2 Nc6 10.d5 Ne5 11.Nxe5 Bxe5 12.Qd2 e6 13.f4 Bh8 14.c4 Re8 15.e5 f6 16.f5 fxe5
17.fxg6 hxg6 18.O-O exd5 19.cxd5 Qd6 20.Rb3 Bg7 21.Rg3 Bf5 22.Rxf5 gxf5 23.Qh6 Qxh6
24.Bxh6 Re7 25.d6 Rd7 26.Bb5 Kf8 27.Bxd7 Bxh6 28.Bxf5 Rd8 29.Rg6 Bg7 30.h4 e4
31.Kf2 c4 32.Bxe4 Be5 33.Bd5 Rxd6 34.Rxd6 Bxd6 35.Bxc4 Kg7 36.Kf3 Kf6 37.g4 Kg6
38.Bd3+ Kh6 39.Kg2 Bf4 40.g5+ Kh5 41.Kh3 Bxg5 42.hxg5 Kxg5 43.Kg3 Kf6 44.Kf4 Ke6
45.Ke4 Kd6 46.Kd4 Kc6 47.Be4+ Kb6 48.Kc4  1-0

[Event "Wch U20"]
[Site "Kiljava"]
[Date "1984.??.??"]
[Round "?"]
[White "Anand, Viswanathan"]
[Black "Wolff, Patrick G"]
[Result "0-1"]
[WhiteElo "2285"]
[BlackElo "2225"]

1.e4 d6 2.d4 Nf6 3.Nc3 g6 4.f4 Bg7 5.Nf3 O-O 6.e5 Nfd7 7.h4 c5 8.e6 fxe6
9.h5 gxh5 10.Rxh5 Nf6 11.Rh4 Nc6 12.Be3 Qa5 13.Bd3 cxd4 14.Nxd4 Nxd4 15.Bxd4 e5
16.fxe5 dxe5 17.Be3 e4 18.Bc4+ Kh8 19.Qd4 Bg4 20.Bb3 Rac8 21.Bd2 Qa6 22.Qe3 Nd5  0-1

[Event "New York op"]
[Site "New York"]
[Date "1985.??.??"]
[Round "1"]
[White "Wolff, Patrick G"]
[Black "Ilijic, Milan"]
[Result "0-1"]
[WhiteElo "2305"]
[BlackElo "2335"]

1.e4 d6 2.d4 Nf6 3.Nc3 g6 4.Bf4 Bg7 5.Qd2 h6 6.f3 c6 7.g4 Qa5 8.Bc4 Nbd7
9.O-O-O b5 10.Bb3 b4 11.Nce2 Ba6 12.Kb1 h5 13.g5 Nh7 14.Be3 O-O 15.f4 e6
16.a3 Rab8 17.axb4 Rxb4 18.f5 Re8 19.fxg6 fxg6 20.Nc1 Qb5 21.Na2 Rxb3 22.cxb3 Qxb3
23.Ne2 Rb8 24.Nec1 Qb7 25.Qc2 Nb6 26.b4 Nc4 27.Qb3 c5 28.dxc5 Qxe4+  0-1

[Event "Pugi mem"]
[Site "Toronto"]
[Date "1985.??.??"]
[Round "6"]
[White "Hertan, Charles E"]
[Black "Wolff, Patrick G"]
[Result "0-1"]
[WhiteElo "2350"]
[BlackElo "2305"]

1.d4 Nf6 2.Nf3 c5 3.d5 b5 4.Bg5 d6 5.Bxf6 exf6 6.a4 b4 7.e3 g6 8.Bb5+ Nd7
9.Nbd2 Bg7 10.Nc4 Qc7 11.Nfd2 f5 12.e4 O-O 13.exf5 Bb7 14.fxg6 fxg6 15.O-O Bxd5
16.Ne3 Bf7 17.Ndc4 Rad8 18.Nd5 Bxd5 19.Qxd5+ Kh8 20.Rae1 Nf6 21.Qe6 d5 22.Ne5 Rd6
23.Qh3 Kg8 24.Bd3 Nh5 25.b3 Nf4 26.Qg4 Rdd8 27.Nf3 c4 28.bxc4 dxc4 29.Be4 Qd7
30.Qg5 Qxa4 31.Qc5 Rc8 32.Qd6 Qb5 33.g3 Rcd8 34.Qc7 Nd5 35.Qxa7 Nc3 36.Ng5 Qxg5
37.Bg2 Rf7 38.Qa6 Qc5 39.Re3 Bd4 40.Re6 Rxf2 41.Rxg6+ Kh8  0-1

[Event "Pugi mem"]
[Site "Toronto"]
[Date "1985.??.??"]
[Round "9"]
[White "Wolff, Patrick G"]
[Black "Day, Lawrence A"]
[Result "1/2-1/2"]
[WhiteElo "2305"]
[BlackElo "2400"]

1.e4 e5 2.Nf3 Nc6 3.Bb5 a6 4.Ba4 Nf6 5.O-O Be7 6.Re1 b5 7.Bb3 d6 8.c3 O-O
9.d3 Bb7 10.Nbd2 Qd7 11.Nf1 Rae8 12.a4 Bd8 13.axb5 axb5 14.Ng3 Kh8 15.d4 exd4
16.cxd4 Nb4 17.d5 c5 18.dxc6 Nxc6 19.Bf4 Na5 20.Ba2 Bxe4 21.Nxe4 Nxe4 22.Qd5 Nf6
23.Qxd6 Qb7 24.Rxe8 Rxe8 25.Ne5 Nc4 26.Bxc4 bxc4 27.Nxc4 Qe4 28.Ne3 Nh5 29.Bg3 f5
30.Qd5 f4 31.Qxh5 fxe3 32.fxe3 Bf6 33.Qf3 Qc2 34.h3 Qxb2 35.Ra8 Qb5 36.Qb7 Qh5
37.Qe4 Qd1+ 38.Kh2 Rxa8 39.Qxa8+ Qd8 40.Qxd8+ Bxd8 41.Be5 Kg8 42.Kg3 Kf7
43.Kf4 g6 44.Ke4 Ke6 45.Bd4 Be7 46.Kd3 Bd8 47.Kc4 Be7 48.Kb5 Kd5 49.Kb6 Ke4
50.Kc6 Bg5 51.Kd6 Bxe3 52.Bf6  1/2-1/2

[Event "Pugi mem"]
[Site "Toronto"]
[Date "1985.??.??"]
[Round "11"]
[White "Wolff, Patrick G"]
[Black "Stone, Raymond"]
[Result "1-0"]
[WhiteElo "2305"]
[BlackElo "2270"]

1.e4 c5 2.Nf3 e6 3.d4 cxd4 4.Nxd4 Nf6 5.Nc3 d6 6.g4 Be7 7.g5 Nfd7 8.h4 O-O
9.Be3 Nb6 10.f4 d5 11.exd5 exd5 12.Qd2 Bg4 13.Qg2 Bh5 14.Be2 Bxe2 15.Ndxe2 Nc4
16.Bf2 Nxb2 17.O-O Nc6 18.Nxd5 Ba3 19.h5 Qa5 20.h6 g6 21.Be1 Qc5+ 22.Kh1 Na4
23.Nf6+ Kh8 24.Nd7 Qxc2 25.Nxf8 Rxf8 26.Ng3 Qxg2+ 27.Kxg2 f6 28.Bd2 Rd8 29.Be3 Rd3
30.Rfe1 Kg8 31.Rad1 Nb2 32.Rxd3 Nxd3 33.Rd1 Ncb4 34.Ne4 Nc2 35.Nxf6+ Kf7
36.Kf3 Nxe3 37.Rxd3 Nc4 38.Rd7+ Ke6 39.Rxh7  1-0

[Event "USA-chJ"]
[Site "?"]
[Date "1986.??.??"]
[Round "?"]
[White "Gurevich, Ilya"]
[Black "Wolff, Patrick G"]
[Result "1-0"]
[WhiteElo "2295"]
[BlackElo "2370"]

1.e4 d6 2.d4 Nf6 3.Nc3 g6 4.f4 Bg7 5.Nf3 O-O 6.Bd3 Na6 7.O-O c5 8.d5 Rb8
9.Kh1 Bg4 10.Bc4 Nc7 11.a4 a6 12.a5 Nb5 13.Qd3 Nxc3 14.bxc3 e6 15.dxe6 fxe6
16.h3 d5 17.hxg4 Nxe4 18.Qe3 Qd6 19.Rb1 g5 20.Nd2 Nxd2 21.Qxd2 gxf4 22.Be2 Qd8
23.Rb6 e5 24.c4 Qh4+ 25.Kg1 e4 26.Qxd5+ Rf7 27.Rb3 Rd8 28.Qe6 Rd3 29.Be3 Rxe3
30.Rxf4 Bf6 31.Rxf6  1-0

[Event "USA-chJ"]
[Site "?"]
[Date "1986.??.??"]
[Round "?"]
[White "Wolff, Patrick G"]
[Black "Fishbein, Alexander"]
[Result "0-1"]
[WhiteElo "2370"]
[BlackElo "2350"]

1.g3 Nf6 2.Bg2 g6 3.e4 d6 4.d4 Bg7 5.Ne2 O-O 6.O-O c5 7.Nbc3 cxd4 8.Nxd4 Nc6
9.Nde2 a6 10.h3 Bd7 11.Be3 b5 12.a3 Rb8 13.Qd2 Ne5 14.b3 Bxh3 15.f3 Qd7 16.Rad1 Rbc8
17.Nf4 Bxg2 18.Kxg2 Rfe8 19.Rf2 Qc6 20.Ncd5 Nxd5 21.Nxd5 e6 22.Nb4 Qa8 23.Bh6 Bh8
24.Qg5 f6 25.Qe3 Nf7 26.Rh1 a5 27.Nd3 d5 28.exd5 Qxd5 29.Qb6 e5 30.Qxa5 e4
31.fxe4 Qxe4+ 32.Kg1 f5 33.Rh4 Qd5 34.Qa7 Ra8 35.Qc5 Qxc5 36.Nxc5 Nxh6  0-1

[Event "USA-chJ"]
[Site "?"]
[Date "1986.??.??"]
[Round "?"]
[White "Wolff, Patrick G"]
[Black "Lief, Adam"]
[Result "0-1"]
[WhiteElo "2370"]
[BlackElo "2250"]

1.e4 g6 2.d4 Bg7 3.Nc3 c6 4.Bc4 d6 5.Qf3 e6 6.Nge2 d5 7.Bd3 Nd7 8.e5 a6 9.Nd1 c5
10.c3 cxd4 11.cxd4 Ne7 12.h4 h5 13.Bg5 Qa5+ 14.Ndc3 Nc6 15.O-O Qb6 16.Rad1 Qxb2
17.Qe3 Nf8 18.Bf6 Bxf6 19.exf6 Kd8 20.Qg3 Qb6 21.Nf4 Qc7 22.Rfe1 Bd7 23.Rc1 Kc8
24.Na4 Kb8 25.Rb1 Ka7 26.Rec1 Qd6 27.Nc5 Rb8 28.Bf1 Bc8 29.Qa3 Nd7 30.g3 Nxd4
31.Nfd3 b6 32.Rb4 bxc5 33.Rxd4 Rb5 34.Ra4 Qb6 35.Nf4 Rb4 36.Rxb4 cxb4 37.Qb2 Bb7
38.Bd3  0-1

[Event "USA-chJ"]
[Site "?"]
[Date "1986.??.??"]
[Round "?"]
[White "Rachels, Stuart"]
[Black "Wolff, Patrick G"]
[Result "1/2-1/2"]
[WhiteElo "2350"]
[BlackElo "2370"]

1.e4 d6 2.d4 Nf6 3.Nc3 g6 4.g3 Bg7 5.Bg2 O-O 6.Nge2 e5 7.h3 c6 8.a4 b6 9.O-O Qc7
10.Be3 Nbd7 11.g4 Ba6 12.Re1 Rad8 13.Ng3 d5 14.exd5 Nxd5 15.Nxd5 cxd5 16.Bg5 Rc8
17.dxe5 Qxc2 18.Qxd5 Nc5 19.Be7 Rfe8 20.Bxc5 Rxc5 21.Qd7 Rf8 22.Qxa7 Bd3
23.Qxb6 Bxe5 24.Ne4 Rc4 25.Nf6+ Bxf6 26.Qxf6 Rxa4 27.Rac1 Qb3 28.Rc7 Bc4
29.Rc1 Rb4 30.Kh2 Be6 31.R1c2 Qd3 32.Qe5 Rfb8 33.R7c3 Qb5 34.Rc5 Qb6 35.Rc6 Qd4
36.Qxd4 Rxd4 37.Re2 Bc4 38.Re4 Rxe4 39.Bxe4 Ba2 40.Rc2  1/2-1/2

[Event "Wch U20"]
[Site "Baguio"]
[Date "1987.??.??"]
[Round "?"]
[White "Anand, Viswanathan"]
[Black "Wolff, Patrick G"]
[Result "1/2-1/2"]
[WhiteElo "2505"]
[BlackElo "2370"]

1.e4 d6 2.d4 Nf6 3.Bd3 e5 4.c3 g6 5.Nf3 exd4 6.cxd4 Bg7 7.O-O O-O 8.h3 c5
9.dxc5 dxc5 10.Nc3 Nc6 11.Bg5 h6 12.Bh4 Re8 13.Re1 g5 14.Bg3 Nh5 15.Bh2 g4
16.hxg4 Bxg4 17.Nd5 Bxb2 18.Rb1 Be5 19.Be2 Bxf3 20.Bxf3 Bxh2+ 21.Kxh2 Nf6
22.Rxb7 Nxd5 23.exd5 Qh4+ 24.Kg1 Nd4 25.Rf1 Rad8 26.g3 Qf6 27.Kg2 Qa6 28.Rb2 Re5
29.Rd2 Qf6 30.Rh1 Kg7 31.Rh4 Rde8 32.Rf4 Rf5 33.Rxf5 Qxf5 34.Rxd4 cxd4 35.Qxd4+ Qf6
36.Qxa7 Qd6 37.a4 Re1 38.a5 Ra1 39.Qd4+ Qf6 40.Qc5 Qd8  1/2-1/2

[Event "Wch U20"]
[Site "Baguio"]
[Date "1987.??.??"]
[Round "?"]
[White "Sevillano, Enrico"]
[Black "Wolff, Patrick G"]
[Result "0-1"]
[WhiteElo "2315"]
[BlackElo "2370"]

1.e4 e5 2.Nf3 Nf6 3.Nxe5 d6 4.Nf3 Nxe4 5.d4 d5 6.Bd3 Bd6 7.O-O O-O 8.c4 c6
9.Qc2 Na6 10.a3 f5 11.Nc3 Nc7 12.Qb3 Kh8 13.cxd5 cxd5 14.Ne1 Qf6 15.Nc2 b6
16.f4 Bb7 17.Be3 Rae8 18.Rae1 Re6 19.Bxe4 fxe4 20.Rf2 Qf7 21.Nb5 Nxb5 22.Qxb5 Rf6
23.g3 Bc8 24.Qe2 a5 25.Rc1 h5 26.Ne1 h4 27.Ng2 hxg3 28.hxg3 Rg6 29.Rc6 Bg4
30.Qa6 Qd7 31.Nh4 Rgf6 32.Rxb6 Bh5 33.Qb5 Qg4 34.Rg2 Qd1+ 35.Kh2 Bf3 36.Qxd5 Bxg2
37.Kxg2 Qe2+ 38.Kh3 Qf1+ 39.Kh2 Rc8 40.Qh5+ Rh6  0-1

[Event "Wch U20"]
[Site "Baguio"]
[Date "1987.??.??"]
[Round "?"]
[White "Hellers, Ferdinand"]
[Black "Wolff, Patrick G"]
[Result "1/2-1/2"]
[WhiteElo "2490"]
[BlackElo "2370"]

1.e4 e5 2.Nf3 Nf6 3.d4 Nxe4 4.Bd3 d5 5.Nxe5 Nd7 6.Nxd7 Bxd7 7.O-O Bd6 8.c4 c6
9.cxd5 cxd5 10.Nc3 Nxc3 11.bxc3 a6 12.Re1+ Be6 13.Qh5 Qd7 14.c4 O-O-O 15.c5 Bc7
16.Bg5 Rde8 17.c6 Qd6 18.g3 Qa3 19.cxb7+ Kb8 20.Qd1 h6 21.Be3 Kxb7 22.Rb1+ Ka7
23.Qc2 Ba5 24.Qc6 Bc8 25.Bf5 Qe7 26.Bd2 Qf6 27.Qxf6 gxf6 28.Rxe8 Rxe8 29.Bxc8 Bxd2  1/2-1/2

[Event "Wch U20"]
[Site "Baguio"]
[Date "1987.??.??"]
[Round "?"]
[White "Klinger, Josef"]
[Black "Wolff, Patrick G"]
[Result "0-1"]
[WhiteElo "2490"]
[BlackElo "2370"]

1.e4 e5 2.Nf3 Nf6 3.d4 Nxe4 4.Bd3 d5 5.Qe2 Nd7 6.Nxe5 Nxe5 7.Bxe4 dxe4 8.Qxe4 Be6
9.Qxe5 Qd7 10.Be3 Bb4+ 11.c3 Bd6 12.Qa5 Qc6 13.O-O Bd5 14.f3 b6 15.Qa6 Bc4
16.d5 Qxd5 17.Qa4+ b5 18.Qd1 Qe5 19.Kf2 Qxh2 20.f4 Bxf1  0-1

[Event "Wch U20"]
[Site "Baguio"]
[Date "1987.??.??"]
[Round "?"]
[White "Agdestein, Simen"]
[Black "Wolff, Patrick G"]
[Result "1/2-1/2"]
[WhiteElo "2565"]
[BlackElo "2370"]

1.d4 Nf6 2.c4 g6 3.g3 Bg7 4.Bg2 d5 5.cxd5 Nxd5 6.Nf3 O-O 7.O-O Nb6 8.Nc3 Nc6
9.e3 Re8 10.d5 Na5 11.Nd4 Bd7 12.a4 c5 13.dxc6 Nxc6 14.a5 Nxd4 15.exd4 Nc4
16.Bxb7 Rb8 17.a6 Bh3 18.Re1 Na5 19.Bh1 Nb3 20.Ra4 Nxd4 21.Be3 e5 22.Bb7 Qd7
23.f3 Red8  1/2-1/2

[Event "Wch U20"]
[Site "Baguio"]
[Date "1987.??.??"]
[Round "?"]
[White "Wolff, Patrick G"]
[Black "Martin del Campo, Roberto"]
[Result "1-0"]
[WhiteElo "2370"]
[BlackElo "2215"]

1.e4 c5 2.Nf3 d6 3.d4 cxd4 4.Nxd4 Nf6 5.Nc3 e5 6.Bb5+ Nbd7 7.Nf5 a6 8.Bxd7+ Qxd7
9.Bg5 Nxe4 10.Nxg7+ Bxg7 11.Nxe4 O-O 12.Qxd6 f6 13.Be3 Qf5 14.f3 Qg6 15.O-O-O Bf5
16.Qd5+ Kh8 17.Rd2 Rac8 18.Qxb7 Bxe4 19.Qxe4 Qxe4 20.fxe4 Rc4 21.Re1 Rxe4
22.Kd1 Ra4 23.a3 Rc4 24.b3 Rc6 25.Rd5 f5 26.c4 Rg6 27.Re2 h5 28.Bc5 Rc8 29.Bd6  1-0

[Event "Wch U20"]
[Site "Baguio"]
[Date "1987.??.??"]
[Round "?"]
[White "Wolff, Patrick G"]
[Black "Rechlis, Gad"]
[Result "1-0"]
[WhiteElo "2370"]
[BlackElo "2450"]

1.e4 c5 2.Nf3 d6 3.d4 cxd4 4.Nxd4 Nf6 5.Nc3 g6 6.Be3 Bg7 7.f3 Nc6 8.Qd2 O-O
9.O-O-O d5 10.exd5 Nxd5 11.Nxc6 bxc6 12.Bd4 e5 13.Bc5 Be6 14.Ne4 Re8 15.h4 h6
16.g4 Qc7 17.g5 h5 18.Bd6 Qb6 19.c4 Rad8 20.c5 Qb7 21.Qa5 Ne3 22.Ba6 Qd7
23.Rd3 Nd5 24.Rd2 Bf5 25.Rhh2 Kh8 26.Qa3 Be6 27.Bc4 Qb7 28.Qa5 Rd7 29.Rh1 Kg8
30.Re1 Qb4 31.Qxb4 Nxb4 32.Bxe6 Rxe6 33.a3 Nd5 34.b4 a6 35.Kc2 Rb7 36.Rb1 Ne3+
37.Kd3 Nf5 38.Rh2 Nd4 39.Rf2 Nf5 40.Rh2 Nd4 41.Rf2 Rd7 42.a4 f5 43.gxf6 Bxf6
44.Nxf6+ Rxf6 45.Ke4 Rf4+ 46.Kxe5 Rdf7 47.Be7 Nxf3+ 48.Rxf3 Rxf3 49.Bg5 Rd3
50.b5 axb5 51.axb5 Rd5+ 52.Ke6 Rxc5 53.b6 Rb5 54.Rxb5 cxb5 55.Be7  1-0

[Event "Wch U20"]
[Site "Baguio"]
[Date "1987.??.??"]
[Round "?"]
[White "Wolff, Patrick G"]
[Black "Serper, Grigory"]
[Result "0-1"]
[WhiteElo "2370"]
[BlackElo "2435"]

1.e4 c5 2.Nf3 Nc6 3.d4 cxd4 4.Nxd4 g6 5.Nxc6 bxc6 6.Qd4 Nf6 7.e5 Nd5 8.e6 Nf6
9.exd7+ Bxd7 10.Be2 Bg7 11.O-O O-O 12.Na3 Bf5 13.Qa4 Qc7 14.Bf3 Nd5 15.Re1 Rab8
16.c3 Rfd8 17.Nc4 Nb6 18.Nxb6 Rxb6 19.Qa5 Rd7 20.g3 c5 21.Qa3 c4 22.Be3 Rb5
23.Rac1 Ra5 24.Qb4 e5 25.b3 Be6 26.bxc4 Bf8 27.c5 Bxc5 28.Bxc5 Rxc5 29.Re3 Bxa2
30.Rd1 Be6 31.h4 h5 32.Rb1 Kg7 33.Qa3 Ra5 34.Qb4 Ra2 35.Rbe1 f6 36.Be4 Rdd2
37.Bb1 Rab2 38.Qa4 Rxf2 39.Be4 a5 40.Ra1 Rfd2 41.Rd3 Qc5+  0-1

[Event "New York op"]
[Site "New York"]
[Date "1987.??.??"]
[Round "?"]
[White "Petursson, Margeir"]
[Black "Wolff, Patrick G"]
[Result "0-1"]
[WhiteElo "2535"]
[BlackElo "2430"]

1.d4 Nf6 2.c4 c5 3.d5 b5 4.Nf3 b4 5.Nbd2 d6 6.a3 bxa3 7.Rxa3 e5 8.dxe6 fxe6
9.g3 Nc6 10.Bg2 Qc7 11.Ng5 Be7 12.Qa4 d5 13.Re3 O-O 14.Nxe6 Bxe6 15.Rxe6 Nd4
16.Ra6 Qe5 17.e3 Ng4 18.Bxd5+ Kh8 19.Ne4 Nf3+ 20.Ke2 Rae8 21.Qd7 Qh5 22.h3 Nfe5
23.Qe6 Nxf2+ 24.g4 Nfxg4 25.hxg4 Qxh1 26.Qxe5 Qxc1 27.g5 Rb8 28.Ra2 Qb1 29.Qxe7 Qxa2
30.Nd6 Rxb2+  0-1

[Event "New York op"]
[Site "New York"]
[Date "1987.??.??"]
[Round "?"]
[White "Wolff, Patrick G"]
[Black "Gulko, Boris F"]
[Result "1/2-1/2"]
[WhiteElo "2430"]
[BlackElo "2525"]

1.e4 e6 2.d4 d5 3.Nd2 c5 4.Ngf3 Nc6 5.exd5 exd5 6.Bb5 Bd6 7.dxc5 Bxc5 8.O-O Ne7
9.Nb3 Bd6 10.Bg5 O-O 11.Re1 Bg4 12.h3 Bh5 13.Bxc6 bxc6 14.Nbd4 Rc8 15.c4 h6
16.Bxe7 Bxe7 17.g4 Bg6 18.Ne5 Bc5 19.b4 Bxd4 20.Qxd4 Qf6 21.Rad1 Be4 22.Nd7 Qf3
23.Rxe4 dxe4 24.Nxf8 Rxf8 25.Re1 Qxh3 26.Re3 Qh4 27.Qxe4 Rd8 28.Kg2 g6 29.Rh3 Qg5
30.Rg3 c5 31.bxc5 Qxc5 32.Rd3 Rc8 33.Rd4 Kg7 34.Kg3 Rc7 35.Qf4 Rc6 36.Kg2 Rf6
37.Qe3 h5 38.gxh5 Qxh5 39.Qg3 Qc5 40.Rh4 Qc6+ 41.Kg1 Re6 42.Qc3+ f6 43.Qa5 a6
44.Qd5 Rd6 45.Qxc6 Rxc6 46.Rd4 Kf7 47.Kg2 Ke6 48.Kf3 Rc5 49.Ke3 Re5+ 50.Kd3 Ra5
51.Re4+ Kd6 52.Re2 Kc5 53.Re6 Ra3+ 54.Ke4 f5+ 55.Ke5 Rxa2 56.Rxg6 Kxc4 57.f3 Ra3
58.Rh6 Rxf3 59.Rxa6  1/2-1/2

[Event "New York op"]
[Site "New York"]
[Date "1987.??.??"]
[Round "?"]
[White "Wolff, Patrick G"]
[Black "Gheorghiu, Florin"]
[Result "0-1"]
[WhiteElo "2430"]
[BlackElo "2540"]

1.e4 c5 2.Nf3 e6 3.d4 cxd4 4.Nxd4 a6 5.Bd3 Nf6 6.O-O Qc7 7.c4 Nc6 8.Nxc6 dxc6
9.f4 e5 10.f5 Bc5+ 11.Kh1 h5 12.Qe2 Ng4 13.Nd2 Qb6 14.g3 Nf2+ 15.Kg2 Nxd3
16.Qxd3 Bd4 17.Rb1 c5 18.a3 Bd7 19.b4 Ba4 20.Nf3 O-O-O 21.Be3 Bxe3 22.Qxe3 f6
23.bxc5 Qa5 24.Rb6 Rd7 25.Rd6 Rc7 26.Rd5 Bc6 27.Rd6 Ba4 28.Rd5 Bc6 29.Rc1 Kb8
30.Nd2 Rhc8 31.Nb3 Qxa3 32.Rd3 Qb4 33.Rdc3 Ba4 34.Rb1 Ka8 35.Qf3 Rd7 36.Kh3 Bxb3
37.Rcxb3 Qxc5 38.Rc1 Qd4 39.Qe2 Rc5 40.Qxh5 Ka7 41.Qe2 Qd2 42.Qf1 Qh6+ 43.Kg4 Qg5+
44.Kf3 Qh5+  0-1

[Event "New York op"]
[Site "New York"]
[Date "1987.??.??"]
[Round "?"]
[White "Wolff, Patrick G"]
[Black "Fedorowicz, John P"]
[Result "1/2-1/2"]
[WhiteElo "2430"]
[BlackElo "2535"]

1.e4 c5 2.Nf3 d6 3.d4 cxd4 4.Nxd4 Nf6 5.Nc3 a6 6.Bd3 Nc6 7.Nxc6 bxc6 8.O-O e5
9.f4 Be7 10.fxe5 dxe5 11.h3 O-O 12.Be3 Qa5 13.Kh1 Be6 14.a3 Nd7 15.Qe2 Nf6
16.b4 Qc7 17.Na4 g6 18.Rf3 Nh5 19.Bc4 Nf4 20.Qf1 h5 21.Bxe6 Nxe6 22.Qc4 Kg7
23.Raf1 Qb7 24.Qc3 f6 25.Qc4 Nc7 26.Nc5 Qc8 27.Rd1 Rd8 28.Rxd8 Qxd8 29.Nd3 Qe8
30.Bb6 Nb5 31.Qe6 Kh7 32.Nxe5 Bd6 33.Rxf6 Bxe5 34.Rf7+ Bg7 35.Qf6 Qg8 36.Bc5 Rc8
37.e5 Rc7 38.Be7 Nd4 39.g4 Kh8 40.e6 c5 41.Qxg6 Qh7 42.Qxh7+ Kxh7 43.Bd6 Rxf7
44.exf7 cxb4 45.axb4 hxg4 46.hxg4 Ne6  1/2-1/2

[Event "New York op"]
[Site "New York"]
[Date "1987.??.??"]
[Round "?"]
[White "Wolff, Patrick G"]
[Black "Morovic Fernandez, Ivan"]
[Result "1/2-1/2"]
[WhiteElo "2430"]
[BlackElo "2525"]

1.e4 e6 2.d4 d5 3.Nc3 Bb4 4.Ne2 dxe4 5.a3 Be7 6.Nxe4 Nf6 7.Qd3 O-O 8.Bf4 Nbd7
9.O-O-O b6 10.N2c3 Bb7 11.Be2 Nxe4 12.Nxe4 Nf6 13.Ng5 Bd6 14.Be5 Bxe5 15.dxe5 Qxd3
16.Rxd3 Nd5 17.Bf3 h6 18.Nh3 Rab8 19.Rhd1 c5 20.b3 Bc6 21.Kb2 Rfc8 22.Bxd5 exd5
23.Nf4 Re8 24.Nxd5 Rxe5 25.Ne3 Rbe8 26.Rd6 R5e6 27.Rxe6 Rxe6 28.Rd8+ Re8
29.Rd6 Rc8 30.Kc3 Kf8 31.Kc4 g6 32.Nd5 b5+ 33.Kd3 Bxd5 34.Rxd5 Ke7 35.Ke4 Rc6
36.g4 Re6+ 37.Kf3 Rf6+ 38.Kg3 Rc6 39.f4 b4 40.a4 c4 41.Ra5 a6 42.f5  1/2-1/2

[Event "New York op"]
[Site "New York"]
[Date "1987.??.??"]
[Round "?"]
[White "Murrey, Jacob"]
[Black "Wolff, Patrick G"]
[Result "1/2-1/2"]
[WhiteElo "2505"]
[BlackElo "2430"]

1.c4 e5 2.Nf3 e4 3.Nd4 Nc6 4.Nxc6 dxc6 5.Nc3 Nf6 6.h3 Bc5 7.e3 h5 8.d4 exd3
9.Bxd3 Qe7 10.Qb3 O-O 11.O-O Qe5 12.Qc2 Re8 13.Bd2 Qg5 14.f4 Qh6 15.Rae1 h4
16.Na4 Bf8 17.e4 Nh5 18.f5 Qd6 19.Rf3 Bd7 20.b4 a5 21.bxa5 b5 22.axb6 Qa3
23.Nc3 cxb6 24.e5 Qc5+ 25.Kh1 Rxe5 26.Ne4 Rxe4 27.Bxe4 Ng3+ 28.Rxg3 hxg3
29.Be3 Qe5 30.f6 Re8 31.fxg7 Bxg7 32.Bh7+ Kh8 33.Qb1 Qc3 34.Bd3 f5 35.Rc1 Qe5
36.Bg1 f4 37.Rf1 b5 38.cxb5 Bxh3 39.Bg6 Qd5 40.Qc2 Rf8 41.Qe4 Qg5 42.gxh3 f3
43.Re1 f2 44.Bxf2 gxf2 45.Rf1 cxb5 46.Qg4 Qe3 47.Kg2 Bh6 48.h4 Rf4 49.Qg3 Qd4
50.Bh5 Rxh4 51.Be2 Qf4  1/2-1/2

[Event "Philadelphia op"]
[Site "Philadelphia"]
[Date "1987.??.??"]
[Round "?"]
[White "Lief, Adam"]
[Black "Wolff, Patrick G"]
[Result "0-1"]
[WhiteElo "2280"]
[BlackElo "2380"]

1.d4 Nf6 2.c4 g6 3.Nf3 Bg7 4.g3 O-O 5.Bg2 d5 6.O-O dxc4 7.Ne5 c5 8.dxc5 Qc7
9.Nxc4 Qxc5 10.Nba3 Nc6 11.h3 Rd8 12.Bd2 Bf5 13.Qa4 Be4 14.Be3 Nd4 15.Bxd4 Rxd4
16.e3 Rd5 17.b4 Qc8 18.Rac1 Bxg2 19.Kxg2 b5 20.Nxb5 Qb7  0-1

[Event "Philadelphia op"]
[Site "Philadelphia"]
[Date "1987.??.??"]
[Round "?"]
[White "Gulko, Boris F"]
[Black "Wolff, Patrick G"]
[Result "1/2-1/2"]
[WhiteElo "2525"]
[BlackElo "2380"]

1.c4 e5 2.g3 Nf6 3.Bg2 c6 4.d4 exd4 5.Qxd4 d5 6.Nf3 Be7 7.cxd5 cxd5 8.O-O O-O
9.Be3 Nc6 10.Qa4 Ng4 11.Bf4 Bc5 12.Qb5 Qe7 13.Nc3 Rd8 14.Rac1 h6 15.Na4 Bd6
16.Bxd6 Rxd6 17.e3 Bf5 18.Nc5 b6 19.Nb3 Nce5 20.Nxe5 Nxe5 21.Rc3 Bd3 22.Rxd3 a6
23.Qxd5 Rxd5 24.Rxd5 Rc8 25.Nd4 g6  1/2-1/2

[Event "USA-chJ"]
[Site "USA"]
[Date "1987.??.??"]
[Round "?"]
[White "Wolff, Patrick G"]
[Black "Rachels, Stuart"]
[Result "1-0"]
[WhiteElo "2380"]
[BlackElo "2355"]

1.e4 c5 2.Nf3 d6 3.d4 cxd4 4.Nxd4 Nf6 5.Nc3 g6 6.Be3 Bg7 7.f3 Nc6 8.Qd2 O-O
9.O-O-O d5 10.exd5 Nxd5 11.Nxc6 bxc6 12.Bd4 e5 13.Bc5 Be6 14.Ne4 Rb8 15.Bc4 Re8
16.Bb3 a5 17.c4 Nb4 18.Qe2 Qc7 19.Kb1 a4 20.Bxa4 f5 21.Bxb4 Rxb4 22.Nc5 Bxc4
23.Bb3 Bxb3 24.axb3 Qb6 25.Qc2 Qb5 26.Rhe1 e4 27.fxe4 fxe4 28.Rxe4 Rbxe4
29.Nxe4 Qe5 30.Nd6 Re6 31.Nc4 Qf6 32.Qd3 h5 33.Qd8+ Qxd8 34.Rxd8+ Kf7 35.Kc2 Re2+
36.Rd2 Rxd2+ 37.Kxd2 Ke6 38.Kd3 Kd5 39.b4 Bd4 40.b3 Bg1 41.h3 Bd4 42.Na3 Bb2
43.Nb1 Ke5 44.Nc3 Kf4 45.Ne2+ Ke5 46.Ke3 Ba1 47.Nf4 Kf5 48.Kf3 Be5 49.g4+ hxg4+
50.hxg4+ Kf6 51.Ne2 Kg5 52.Ng3 Kh4 53.Ne4 Bb2 54.Nc5 Bc3 55.Nd7 Bxb4 56.Ne5 c5
57.Nxg6+ Kg5 58.Nf4 Ba3 59.Nd3 Kg6 60.Kf4 Kf6 61.g5+ Kg6 62.Kg4 Kg7 63.Kf5 Kf7
64.g6+ Kg7 65.Kg5 Kh8 66.Kf6 Kg8 67.g7  1-0

[Event "USA-chJ"]
[Site "USA"]
[Date "1987.??.??"]
[Round "?"]
[White "Wolff, Patrick G"]
[Black "Lief, Adam"]
[Result "1-0"]
[WhiteElo "2380"]
[BlackElo "2280"]

1.e4 e5 2.Nf3 Nc6 3.Bb5 a6 4.Ba4 Nf6 5.O-O Be7 6.Re1 b5 7.Bb3 O-O 8.d3 d6
9.a4 Bb7 10.Nbd2 Na5 11.Ba2 c5 12.Nf1 Nc6 13.c3 Qc7 14.Ne3 Rfe8 15.Nf5 Bf8
16.Bg5 Nd7 17.N3h4 Nb6 18.Nh6+ gxh6 19.Bf6 Bc8 20.Qf3 Qd7 21.h3 Bg7 22.Qg3 Qg4
23.hxg4 Bxf6 24.Nf5 Bxf5 25.gxf5+ Kf8 26.Qh3 Ke7 27.axb5 axb5 28.Qxh6 Ra7
29.Bd5  1-0

[Event "USA-chJ"]
[Site "USA"]
[Date "1987.??.??"]
[Round "?"]
[White "Wolff, Patrick G"]
[Black "Fishbein, Alexander"]
[Result "1-0"]
[WhiteElo "2380"]
[BlackElo "2410"]

1.e4 e5 2.Nf3 Nc6 3.Bb5 a6 4.Ba4 Nf6 5.O-O Nxe4 6.d4 b5 7.Bb3 d5 8.dxe5 Be6
9.Be3 Nc5 10.c3 Nxb3 11.axb3 Bg4 12.Bf4 Be7 13.h3 Bh5 14.Nbd2 O-O 15.Qe2 Qc8
16.Qe3 h6 17.b4 a5 18.bxa5 Nxa5 19.Nd4 c5 20.Nxb5 Qc6 21.Nd6 Bg6 22.b4 cxb4
23.cxb4 Nc4 24.Qc5 Qxc5 25.bxc5 Bd3 26.Rxa8 Rxa8 27.Rc1 g5 28.N2xc4 dxc4
29.Be3 Ra6 30.Nxc4 f6 31.Nb6 Bd8 32.e6 Bf5 33.e7 Bxe7 34.c6 Kf7 35.c7 Bd6
36.c8=Q Bxc8 37.Nxc8 Be5 38.Nb6 Kg6 39.Nd5 Rd6 40.Ne7+ Kh7 41.Nf5 Rd7 42.g4  1-0

[Event "Wch U20"]
[Site "Adelaide"]
[Date "1988.??.??"]
[Round "1"]
[White "Wolff, Patrick G"]
[Black "Ballmann, Martin"]
[Result "1-0"]
[WhiteElo "2500"]
[BlackElo "2275"]

1.e4 c5 2.Nf3 d6 3.d4 cxd4 4.Nxd4 Nf6 5.Nc3 g6 6.Be3 Bg7 7.f3 O-O 8.Qd2 Nc6
9.Bc4 Bd7 10.O-O-O Rc8 11.Bb3 Ne5 12.h4 Nc4 13.Bxc4 Rxc4 14.h5 Nxh5 15.g4 Nf6
16.Kb1 Qa5 17.Nb3 Qe5 18.Bf4 Qe6 19.Bh6 Rfc8 20.Bxg7 Rxc3 21.Nd4  1-0

[Event "Wch U20"]
[Site "Adelaide"]
[Date "1988.??.??"]
[Round "6"]
[White "Capo, Jose"]
[Black "Wolff, Patrick G"]
[Result "0-1"]
[WhiteElo "2295"]
[BlackElo "2500"]

1.e4 d6 2.d4 Nf6 3.Nc3 g6 4.f3 c6 5.Be3 b5 6.Qd2 Nbd7 7.d5 cxd5 8.Bxb5 dxe4
9.Bc6 Rb8 10.Bxa7 Rxb2 11.Na4 Qc7 12.Nxb2 Qxc6 13.Bd4 Bg7 14.Qc3 Qa8 15.Ne2 Ba6
16.Qa3 O-O 17.fxe4 Qc6 18.Nd3 Ra8 19.Nb4 Qxe4 20.Qf3 Qxf3 21.gxf3 Bb7 22.Kf2 e5
23.Bb2 e4 24.Ng3 exf3 25.h3 Ne4+ 26.Nxe4 Bxb2 27.Rae1 Bd4+ 28.Kg3 f2 29.Nxf2 Bxh1
30.Rxh1 Nc5 31.Rd1 Bc3 32.Nc6 Ra6 33.Ne7+ Kf8 34.Nc8 Rxa2 35.Kf3 Be5  0-1

[Event "Wch U20"]
[Site "Adelaide"]
[Date "1988.??.??"]
[Round "8"]
[White "Wahls, Matthias"]
[Black "Wolff, Patrick G"]
[Result "1/2-1/2"]
[WhiteElo "2460"]
[BlackElo "2500"]

1.e4 d6 2.d4 Nf6 3.Nc3 g6 4.f4 Bg7 5.Nf3 c5 6.dxc5 Qa5 7.Bd3 Qxc5 8.Qe2 Bg4
9.Be3 Qa5 10.Bd2 O-O 11.Nd5 Qd8 12.Ne3 Nbd7 13.O-O Qb6 14.Rab1 e5 15.Kh1 exf4
16.Nxg4 Nxg4 17.Bxf4 Nde5 18.Nxe5  1/2-1/2